| 000 | 00677nam a22002057a 4500 | ||
|---|---|---|---|
| 003 | 0 | ||
| 005 | 20241114133905.0 | ||
| 008 | 241114b xxu||||| |||| 00| 0 eng d | ||
| 020 | _a9781639878352 | ||
| 050 |
_aP 128 _b.P37 2024 |
||
| 100 |
_aParrish, Shelby, _eauthor. |
||
| 245 |
_aFormal grammar : _btheory and variation across language / _cShelby Parrish. |
||
| 260 |
_aNew York, NY : _bMurphy & Moore Publishing, _cc2024. |
||
| 300 |
_avii, 230 p. : _bill. ; _c23 cm. |
||
| 504 | _aIncludes bibliographical references and index. | ||
| 650 | _aFormalization (Linguistics). | ||
| 650 | _aGrammar, Comparative and general. | ||
| 650 | _aFormal languages. | ||
| 942 |
_2lcc _cBK |
||
| 999 |
_c366716 _d366716 |
||